[Event "EGY-ch (Women)"]
[Site "Cairo"]
[Date "2014.02.10"]
[Round "5"]
[White "Abdel Hamid, Sabreen"]
[Black "Hassan, Hala"]
[Result "1-0"]
[WhiteElo "1718"]
[BlackElo "1870"]
[PlyCount "108"]
[EventDate "2014.02.08"]
[EventType "swiss"]
[EventRounds "9"]
[EventCountry "EGY"]
[SourceTitle "CBM 158 Extra"]
[Source "ChessBase"]
[SourceDate "2014.02.28"]
[SourceVersion "1"]
[SourceVersionDate "2014.02.28"]
[SourceQuality "1"]

1. c4 c6 2. g3 d5 3. Bg2 Nf6 4. cxd5 cxd5 5. d4 e6 6. Nf3 Bd6 7. 0-0 0-0 8. Nc3 Nc6 9. a3 Re8 10. b4 a6 11. Na4 Ne4 12. Nc5 f5 13. Nxe4 fxe4 14. Ng5 Be7 15. Nh3 e5 16. dxe5 Bxh3 17. Bxh3 Nxe5 18. Be6+ Nf7 19. Qxd5 Qxd5 20. Bxd5 Bf6 21. Rb1 Rab8 22. Bf4 Be5 23. Be3 Bf6 24. Rbc1 Kf8 25. Rc7 Nd8 26. Bc5+ Be7 27. Bxe7+ Rxe7 28. Rxe7 Kxe7 29. Bxe4 h6 30. Rc1 Kd6 31. f4 Ne6 32. e3 Nc7 33. Rd1+ Ke6 34. g4 Nb5 35. Bf5+ Kf6 36. a4 Nc3 37. Rd6+ Kf7 38. a5 Ke7 39. Rd7+ Kf6 40. Kf2 g5 41. Rd6+ Ke7 42. Rxh6 gxf4 43. exf4 Rd8 44. Rh7+ Kf6 45. Rh6+ Ke7 46. g5 Rd2+ 47. Ke3 Rb2 48. Rh7+ Kd6 49. Rxb7 Nd5+ 50. Kf3 Rb3+ 51. Ke4 Nc3+ 52. Kf3 Nd5+ 53. Kf2 Nxf4 54. g6 Rb2+ 1-0

[Event "Cairo Elnokhba 2 (Women)"]
[Site "Cairo"]
[Date "2011.07.27"]
[Round "5"]
[White "Hassan, Hala"]
[Black "Wafa, Shrook"]
[Result "0-1"]
[WhiteElo "1867"]
[BlackElo "1830"]
[PlyCount "66"]
[EventDate "2011.07.23"]
[EventType "swiss"]
[EventRounds "9"]
[EventCountry "EGY"]
[SourceTitle "EXT 2019"]
[Source "ChessBase"]
[SourceDate "2018.10.10"]
[SourceVersion "1"]
[SourceVersionDate "2018.10.10"]
[SourceQuality "1"]

1. d4 d5 2. Nf3 Nf6 3. e3 e6 4. Bd3 Bd6 5. Nbd2 Nbd7 6. 0-0 0-0 7. e4 dxe4 8. Nxe4 Nxe4 9. Bxe4 h6 10. c3 Nf6 11. Bc2 b6 12. Ne5 Bb7 13. Re1 c5 14. Qd3 Re8 15. h3 Bxe5 16. Rxe5 cxd4 17. cxd4 Rc8 18. Bd2 Ba6 19. Qg3 Rxc2 20. Bxh6 g6 21. Rg5 Kh8 22. Rxg6 fxg6 23. Qxg6 Rc7 24. Bg5 Rf8 25. Re1 Rg7 26. Qh6+ Kg8 27. Rxe6 Qd5 28. Re5 Qf7 29. Qh4 Bb7 30. g4 Nxg4 31. hxg4 Qf3 32. Kf1 Qd1+ 33. Re1 Ba6+ 0-1

[Event "Cairo Elnokhba 2 (Women)"]
[Site "Cairo"]
[Date "2011.07.26"]
[Round "4"]
[White "Hassan, Hala"]
[Black "Elgohary, Myada"]
[Result "0-1"]
[WhiteElo "1867"]
[BlackElo "1745"]
[PlyCount "93"]
[EventDate "2011.07.23"]
[EventType "swiss"]
[EventRounds "9"]
[EventCountry "EGY"]
[SourceTitle "EXT 2019"]
[Source "ChessBase"]
[SourceDate "2018.10.10"]
[SourceVersion "1"]
[SourceVersionDate "2018.10.10"]
[SourceQuality "1"]

1. d4 Nf6 2. Nf3 g6 3. Nbd2 d5 4. e3 Bg7 5. c4 c5 6. cxd5 Qxd5 7. Bc4 Qd8 8. Qb3 0-0 9. dxc5 Qa5 10. Qb5 Qc7 11. Be2 Na6 12. Nb3 Bd7 13. Qc4 Be6 14. Qf4 Qc6 15. Nfd4 Qxg2 16. Bf3 Qh3 17. Bxb7 Nb4 18. Qg3 Qxg3 19. hxg3 Rab8 20. c6 Bd5 21. f3 e5 22. e4 Bxb3 23. axb3 exd4 24. Ra4 Nd3+ 25. Kd2 Nc5 26. Rxa7 Nxb3+ 27. Kd3 Nc5+ 28. Kxd4 Nxb7 29. cxb7 Rfd8+ 30. Kc4 Nd7 31. Rf1 Ne5+ 32. Kb5 Rd6 33. b4 Rd7 34. Ka6 Nc6 35. Ra8 Rdxb7 36. Rxb8+ Rxb8 37. b5 Nb4+ 38. Ka5 Bc3 39. Ka4 Nd3 40. Be3 Bb4 41. b6 Bc5 42. Bxc5 Nxc5+ 43. Ka5 Nd7 44. Rb1 Ra8+ 45. Kb5 Nxb6 46. Kc6 Nc4 47. Rb3 0-1

[Event "Cairo Elnokhba (Women)"]
[Site "Cairo"]
[Date "2011.04.10"]
[Round "1"]
[White "Elgohary, Myada"]
[Black "Hassan, Hala"]
[Result "1/2-1/2"]
[WhiteElo "1743"]
[BlackElo "1911"]
[PlyCount "114"]
[EventDate "2011.04.10"]
[EventType "swiss"]
[EventRounds "9"]
[EventCountry "EGY"]
[SourceTitle "EXT 2012"]
[Source "ChessBase"]
[SourceDate "2011.11.24"]
[SourceVersion "1"]
[SourceVersionDate "2011.11.24"]
[SourceQuality "1"]

1. e4 d5 2. exd5 Nf6 3. Nf3 Nxd5 4. d4 g6 5. c4 Nf6 6. Nc3 Bg7 7. Be2 0-0 8. 0-0 e6 9. Bg5 Nbd7 10. Qd2 c6 11. Rfd1 Qb6 12. Rac1 Re8 13. Bf1 a5 14. Re1 Qc7 15. Bf4 Qd8 16. d5 Nc5 17. d6 b6 18. Rcd1 Nfd7 19. Bg5 Bf6 20. Ne4 Nxe4 21. Rxe4 c5 22. Rh4 Bb7 23. Bxf6 Qxf6 24. Qh6 Qg7 25. Ng5 Qxh6 26. Rxh6 Nf6 27. Rh3 Red8 28. Be2 Rd7 29. Rhd3 h6 30. Bf3 Ra7 31. Bxb7 Raxb7 32. Nf3 Kg7 33. Ne5 Rd8 34. a4 Nd7 35. Nxd7 Rbxd7 36. f4 f6 37. Kf2 e5 38. fxe5 fxe5 39. Ke3 Kf6 40. Ke4 Ke6 41. Rd5 Rxd6 42. Rxe5+ Kf7 43. Rf1+ Kg8 44. Rd5 Re8+ 45. Kd3 Rde6 46. Rf2 Rf8 47. Rxf8+ Kxf8 48. g4 Kf7 49. h4 Ke7 50. h5 gxh5 51. gxh5 Re1 52. Kd2 Re4 53. Kd3 Rh4 54. Re5+ Kf6 55. Rd5 Rh3+ 56. Kd2 Rh2+ 57. Kc3 Ke6 1/2-1/2